000 004550000a22001810004500
003 MACL
005 20151229125645.0
008 151229b xxu||||| |||| 00| 0 eng d
040 _aMACL
_cMACL
041 _aEnglish
082 _a294.5/KRI
100 _aKrishnamacharya, pandit v
_923220
245 _aVedantasara of Bhagavad Ramanuja
260 _bThe Adyar Library
_c1953
350 _a20
650 _aReligion
_923761
942 _cBK
_k294.5/Kri
_2ddc
999 _c34576
_d34576